000 01070nam a2200277 a 4500
001 000007970
005 20250409122709.0
008 090914s1982 dr r 000 p spa d
040 _aDO-SdBNP
_bspa
_cBNPHU
082 _aRD861
_bV732a
100 1 _aVillegas, Víctor
_97744
245 1 0 _aAntología de poetas Petromacorisanos /
_cVíctor Villegas.
260 _aSan Pedro de Macorís :
_bUCE,
_c1982.
300 _a335 p. ;
_c23 cm.
490 1 _aLiteraria
_v7
500 _aA la cabeza de la portada: Asociación Pro Recuperación de San Pedro de Macorís, Universidad Central del Este (UCE), Publicaciones del Centenario de la Provincia.
590 _aInventariado, 2018/BT
650 0 _aPoesía dominicana
_966
650 0 _aLiteratura dominicana.
_967
650 4 _aPoetas dominicanos
_921058
650 4 _aPoesía dominicana
_zRepública Dominicana, San Pedro De Macorís
_921798
700 1 2 _aVillegas, Víctor,
_d1924-
_97800
710 1 _aUniversidad Central del Este
_937229
830 0 _aLiteraria
_n7
_921799
910 _aValidado. Control de calidad. MFF
999 _c7748
_d7748